| 000 | 01333cam a2200385 i 4500 | ||
|---|---|---|---|
| 001 | 17749 | ||
| 003 | Mx-PuUPA | ||
| 005 | 20250623140137.0 | ||
| 008 | 140415s2014 mx dr 000 0 spa d | ||
| 020 | _a9786073127097 | ||
| 040 |
_aMx-PuUPA _bspa _cMx-PuUPA _dMx-PuUPA _erda |
||
| 041 | 1 |
_aspa _heng |
|
| 100 | 1 |
_aRiordan, Rick, _d1964- _915382 _eautor |
|
| 240 | 1 | 0 |
_aHeroes of the Olympus. _n4. _pThe house of Hades. _lEspañol |
| 245 | 1 | 3 |
_aLa casa de Hades / _cRick Riordan ; traducción de Ignacio Gómez Calvo |
| 250 | _aPrimera edición | ||
| 264 | 1 |
_aCiudad de México : _bMontena, _c2014 |
|
| 300 |
_a524 páginas ; _c22 cm |
||
| 336 |
_2rdacontent _atexto _btxt |
||
| 337 |
_2rdamedia _asin medio _bn |
||
| 338 |
_2rdacarrier _avolumen _bnc |
||
| 490 | 0 |
_aLos héroes del Olimpo ; _v4 |
|
| 490 | 0 | _aInfinita | |
| 600 | 1 | 4 |
_aHera (deidad griega) _xNovela |
| 600 | 1 | 4 |
_aGea (deidad griega) _xNovela |
| 650 | 7 |
_2armarc _aMitología romana _xNovela |
|
| 650 | 7 |
_2armarc _aMitología griega _xNovela |
|
| 650 | 7 |
_2armarc _aGigantes _xNovela |
|
| 650 | 7 |
_2armarc _aCampamentos _xNovela |
|
| 700 | 1 |
_aGómez Calvo, Ignacio, _etraductor |
|
| 765 | 0 |
_aRiordan, Rick, 1964- _tHeroes of the Olympus. 4. The house of Hades. |
|
| 942 |
_2ddc _cLI _h813.6 _iR585 |
||
| 999 |
_c17749 _d17749 |
||